Livestock Handling Guide / by (Record no. 11680)

MARC details
000 -LEADER
fixed length control field 00965nab a2200265uu 4500
001 - CONTROL NUMBER
control field 14364
003 - CONTROL NUMBER IDENTIFIER
control field HDC
007 - PHYSICAL DESCRIPTION FIXED FIELD--GENERAL INFORMATION
fixed length control field cr aa aaaau
008 - FIXED-LENGTH DATA ELEMENTS--GENERAL INFORMATION
fixed length control field 210214p2001 ||||| |||| 00| 0 eng d
040 ## - CATALOGING SOURCE
Original cataloging agency HDC
100 ## - MAIN ENTRY--PERSONAL NAME
Personal name Grandin, Temple,
Relator term author
Titles and words associated with a name Dr.
9 (RLIN) 14942
245 #0 - TITLE STATEMENT
Title Livestock Handling Guide / by
Statement of responsibility, etc. Dr. Temple Grandin
246 ## - VARYING FORM OF TITLE
Title proper/short title Management Practices that Reduce Livestock Bruise and Injuries and Improve Handling Efficiency
260 ## - PUBLICATION, DISTRIBUTION, ETC.
Place of publication, distribution, etc. [no place] :
Name of publisher, distributor, etc. [publisher not identified],
Date of publication, distribution, etc. 2001
300 ## - PHYSICAL DESCRIPTION
Extent 1 online resource (7pages )
336 ## - CONTENT TYPE
Content type term text
Source rdacontent
337 ## - MEDIA TYPE
Media type term computer
Source rdamedia
338 ## - CARRIER TYPE
Carrier type term online resource
Source rdacarrier
650 ## - SUBJECT ADDED ENTRY--TOPICAL TERM
Topical term or geographic name entry element Handling Efficiency
9 (RLIN) 14944
650 ## - SUBJECT ADDED ENTRY--TOPICAL TERM
Topical term or geographic name entry element Livestock Bruise
9 (RLIN) 14943
856 ## - ELECTRONIC LOCATION AND ACCESS
Public note Request full-text at [email protected]
942 ## - ADDED ENTRY ELEMENTS (KOHA)
Source of classification or shelving scheme Library of Congress Classification
942 ## - ADDED ENTRY ELEMENTS (KOHA)
Koha item type Articles
942 ## - ADDED ENTRY ELEMENTS (KOHA)
Call number prefix JART 003401
Holdings
Withdrawn status Lost status Source of classification or shelving scheme Damaged status Not for loan Home library Current library Shelving location Date acquired Total checkouts Full call number Date last seen Price effective from Koha item type
    Library of Congress Classification     Halal Development Corporation Library Halal Development Corporation Library Open Shelves 24/05/2023   JART 003401 24/05/2023 24/05/2023 Articles
Halal Development Corporation Berhad (HDC)
5.02 Level 5, KPMG Tower, First Avenue, Persiaran Bandar Utama, 47800 Petaling Jaya, Selangor Darul Ehsan
Phone: +603 7965 5489 Email: [email protected]